000
00301nam a22001097a 4500
082
_a
540
100
_a
PW
_9
83076
245
_a
JEE ADVANCED 47 Years (2024-1978) Chapter Wise & Topic Wise Solved Papers Chemistry
260
_b
Physics Wallah Publication
_c
2024
650
_a
Chemistry
942
_c
C. BOOKS
999
_c
67850
_d
67850